000 00995cam a22002531i 4500
003 SA-RiAUC
005 20251102120544.0
008 251101s1997____le g 00000 ara c
040 _aSA-RiKAPL
_bara
_cSA-RiAUC
_erda
082 0 4 _a253.2
090 _a253.2
_b ا ب و ز
100 1 _aأبو زيد، بكر بن عبد الله،
_d1365-1429 هجري
_eمؤلف.
245 1 0 _aبطاقة التخفيض :
_bحقيقتها التجارية وأحكامها الشرعية /
_cبكر بن عبد الله أبو زيد.
250 _aالطبعة الثانية.
264 1 _aبيروت :
_bمؤسسة الرسالة،
_c1997
300 _a24 صفحة ؛
_c20 سم
336 _aنص
_btxt
_2rdacontent
_3كتاب
337 _aبدون وسيط
_bn
_2rdamedia
338 _aمجلد
_bnc
_2rdacarrier
650 7 _aالبيع (فقه إسلامي)
_2aucsh
650 7 _aالأسعار (فقه إسلامي)
_2aucsh
942 _2ddc
_cBOOK
_n0
949 _aSA-JeALM
_d251101
_umohamedma123
_n1
999 _c12911
_d12911